Культура Оренбургского края: история и современность (Запись № 1224727)

Подробности
000 -МАРКЕР
контрольное поле 02258nam0a2200361 4500
001 - ИДЕНТИФИКАТОР ЗАПИСИ
контрольное поле RU\NLR\bibl\1409410
005 - ИДЕНТИФИКАТОР ВЕРСИИ
контрольное поле 20260608064510.0
035 ## - ДРУГИЕ СИСТЕМНЫЕ НОМЕРА
Идентификатор записи (NLR Aleph) 001401398
100 ## - ДАННЫЕ ОБЩЕЙ ОБРАБОТКИ
Данные общей обработки 20090908d2009 |||y0rusy50 ca
101 0# - ЯЗЫК РЕСУРСА
Язык текста, звукозаписи и т.д. русский
102 ## - СТРАНА ПУБЛИКАЦИИ ИЛИ ПРОИЗВОДСТВА
Страна публикации Российская Федерация
105 ## - ПОЛЕ КОДИРОВАННЫХ ДАННЫХ: ТЕКСТОВЫЕ МАТЕРИАЛЫ, МОНОГРАФИЧЕСКИЕ
Кодированные данные о монографическом текстовом документе y |||||||||
200 1# - ЗАГЛАВИЕ И СВЕДЕНИЯ ОБ ОТВЕТСТВЕННОСТИ
Основное заглавие Культура Оренбургского края: история и современность
Сведения, относящиеся к заглавию научно-образовательный и культурно-просветительный альманах
-- [материалы чтений
Первые сведения об ответственности Четвертые Большаковские чтения
Последующие сведения об ответственности науч. ред.: Любичанковский Сергей Валентинович, к.ист.н., доц.]
210 ## - ПУБЛИКАЦИЯ, РАСПРОСТРАНЕНИЕ И ДР.
Место издания, распространения и т.д. Оренбург
Имя издателя, распространителя и т. д. Димур
Дата издания, распространения и т.д. 2009
215 ## - ФИЗИЧЕСКАЯ ХАРАКТЕРИСТИКА
Специфическое обозначение материала и объем 290 с.
Размеры 20
300 ## - ОБЩИЕ ПРИМЕЧАНИЯ
Текст примечания В надзаг.: Администрация г. Оренбурга
300 ## - ОБЩИЕ ПРИМЕЧАНИЯ
Текст примечания На тит. л.: К 265-летию Оренб. губернии. К 195-летию со дня рождения Тараса Шевченко. К 85-летию со дня рождения Леонида Большакова
320 ## - ПРИМЕЧАНИЯ О НАЛИЧИИ В ДОКУМЕНТЕ БИБЛИОГРАФИИ / УКАЗАТЕЛЯ
Текст примечания Библиогр. в подстроч. примеч.
320 ## - ПРИМЕЧАНИЯ О НАЛИЧИИ В ДОКУМЕНТЕ БИБЛИОГРАФИИ / УКАЗАТЕЛЯ
Текст примечания Библиогр. новых работ о жизни и творчестве Л.Н. Большакова / Т.Л. Большакова, Т.А. Камскова, к.п.н.: с. 283-287 (40 назв.)
607 ## - ГЕОГРАФИЧЕСКОЕ НАИМЕНОВАНИЕ КАК ПРЕДМЕТ
Географическое наименование Оренбургская область
Формальный подзаголовок Съезды, совещания и т.п.
Тематический подзаголовок Культура
-- История
Системный номер авторитетной/нормативной записи 2441865
Идентификатор авторитетной/нормативной записи RU\NLR\auth\661452607
686 ## - ИНДЕКСЫ ДРУГИХ КЛАССИФИКАЦИЙ
Индекс Т3(2Р-4Ор)0-7я431
686 ## - ИНДЕКСЫ ДРУГИХ КЛАССИФИКАЦИЙ
Индекс Ч114(2Р-4Ор)я431
702 #1 - ИМЯ ЛИЦА - ВТОРИЧНАЯ ОТВЕТСТВЕННОСТЬ
Код отношения Прочие
Графика поля Кириллица
Материалы, к которым относится поле rus
Начальный элемент ввода Большаков
Часть имени, кроме начального элемента ввода Л. Н.
Даты 1924-2004
Расширение инициалов личного имени Леонид Наумович
Системный номер авторитетной/нормативной записи 219612
Идентификатор авторитетной/нормативной записи RU\NLR\AUTH\770219668
702 #1 - ИМЯ ЛИЦА - ВТОРИЧНАЯ ОТВЕТСТВЕННОСТЬ
Начальный элемент ввода Любичанковский
Часть имени, кроме начального элемента ввода С. В.
Расширение инициалов личного имени Сергей Валентинович
Код отношения Редактор
711 12 - НАИМЕНОВАНИЕ ОРГАНИЗАЦИИ - АЛЬТЕРНАТИВНАЯ ОТВЕТСТВЕННОСТЬ
Начальный элемент ввода Большаковские чтения
Порядковый номер временной организации и / или порядковый номер ее части 4
Место проведения временной организации Оренбург
Дата проведения временной организации 2009
Системный номер авторитетной/нормативной записи 769779
Идентификатор авторитетной/нормативной записи RU\NLR\AUTH\8810137106
712 01 - НАИМЕНОВАНИЕ ОРГАНИЗАЦИИ - ВТОРИЧНАЯ ОТВЕТСТВЕННОСТЬ
Код отношения Прочие
Начальный элемент ввода Оренбург
Структурное подразделение Администрация
Системный номер авторитетной/нормативной записи 700585
Идентификатор авторитетной/нормативной записи RU\NLR\AUTH\8810099780
801 #0 - ИСТОЧНИК ЗАПИСИ
Страна Российская Федерация
Организация NLR
Дата составления 20090908
Правила каталогизации RCR
801 #1 - ИСТОЧНИК ЗАПИСИ
Страна Российская Федерация
Организация NLR
Дата составления 20090908
942 ## - ДОПОЛНИТЕЛЬНЫЕ ЭЛЕМЕНТЫ ЗАПИСИ (АБИС)
Тип экземпляра АБИС Книга
980 ## - КОЛЛЕКЦИЯ
Название коллекции Национальная библиография
Экземпляры
Тип экземпляра Дата поступления Источник поступления Стоимость Библиотека постоянного хранения Библиотека текущего хранения Место хранения Шифр хранения Штрих-код Статус экземпляра
Книга 08.09.2009 Дар 100.00 РНБ (Московский) РНБ (Московский) Русский книжный фонд: издания с 1957 года 2009-3/28017 2989315  
Книга 19.12.2011 Дар 100.00 РНБ (Московский) РНБ (Московский) Русский книжный фонд: издания с 1957 года 2009-3/28017 3561631  
Книга 25.05.2023 Дар 200.00 РНБ (Садовая) РНБ (Садовая) Фонд международного книгообмена   1-4173109 Доставлен в Фoнд